|
|
|
|
| LEADER |
00926nab#a2200325#ar4500 |
| 001 |
000000406 |
| 003 |
SVKKK |
| 005 |
00000000000000.0 |
| 008 |
c xo e czeo |
| FMT |
|
|
|
| 038 |
|
|
|a SVKKK
|
| 040 |
|
|
|a SVKKK
|b slo
|e AACR2
|
| 041 |
0 |
|
|a cze
|b eng
|
| 044 |
|
|
|a xo
|c SK
|
| 080 |
|
|
|a 551.763(437.164
|2 1981
|
| 080 |
|
|
|a 553.551.
|2 1981
|
| 100 |
1 |
|
|a Váně, Miroslav
|4 aut
|
| 245 |
1 |
0 |
|a Poznámky k výskytu a stratigrafii komplexu slínovců v křídě na Žatecku
|c Váně Miroslav,
|
| 300 |
|
|
|b Obr. 1, tab. 1,
|
| 504 |
|
|
|a Res. angl., čes., lit. 18 zázn. v češ., nem.
|
| 650 |
0 |
4 |
|a krieda (geol.)
|z Žatecko
|x výskumy
|x štúdie
|
| 650 |
0 |
4 |
|a slieňovce
|
| 650 |
0 |
4 |
|a stratigrafia
|
| 773 |
0 |
|
|t Časopis pro mineralogii a geologii
|x 0008-7378
|g Roč. 39, č. 1(1992), s. 45-54
|
| 958 |
|
|
|a NP
|
| 974 |
|
|
|d 941117
|a 245
|
| 992 |
|
|
|a RBX
|
| BAS |
|
|
|
| 852 |
|
|
|a SVKKK
|b BIB
|
| 998 |
|
|
|a GEO
|